[Event "Orlova op-A 11th"]
[Site "Orlova"]
[Date "2014.05.31"]
[Round "6"]
[White "Den Boer, Lennard"]
[Black "Luczyk, Petr"]
[Result "1-0"]
[WhiteElo "2044"]
[BlackElo "1931"]
[PlyCount "73"]
[EventDate "2014.05.26"]
[EventType "swiss"]
[EventRounds "9"]
[EventCountry "CZE"]
[SourceTitle "CBM 160 Extra"]
[Source "ChessBase"]
[SourceDate "2014.07.01"]
[SourceVersion "1"]
[SourceVersionDate "2014.07.01"]
[SourceQuality "1"]

1. e4 c5 2. c3 b6 3. d4 Bb7 4. Bd3 e6 5. Nf3 Nf6 6. Qe2 Be7 7. 0-0 Nc6 8. a3 h6 9. Bd2 a5 10. b3 d6 11. a4 0-0 12. Na3 e5 13. d5 Nb8 14. Ne1 Nfd7 15. c4 Na6 16. Nac2 Bg5 17. Ne3 Bc8 18. g3 Bxe3 19. Bxe3 Nf6 20. f4 Bh3 21. Ng2 Ng4 22. Rfe1 Nb4 23. Bd2 Nxd3 24. Qxd3 Bxg2 25. Kxg2 Re8 26. Qf3 Nf6 27. fxe5 dxe5 28. Rf1 Qe7 29. Bxh6 Nxe4 30. Qg4 f5 31. Rxf5 Nf6 32. Qg6 Rf8 33. Rxe5 Qb7 34. Rae1 Qf7 35. Qxf7+ Rxf7 36. Bf4 Kf8 37. Re6 1-0

[Event "Orlova op-A 11th"]
[Site "Orlova"]
[Date "2014.05.28"]
[Round "3"]
[White "Luczyk, Petr"]
[Black "Sramek, Ondrej"]
[Result "1-0"]
[WhiteElo "1931"]
[BlackElo "1741"]
[PlyCount "113"]
[EventDate "2014.05.26"]
[EventType "swiss"]
[EventRounds "9"]
[EventCountry "CZE"]
[SourceTitle "CBM 160 Extra"]
[Source "ChessBase"]
[SourceDate "2014.07.01"]
[SourceVersion "1"]
[SourceVersionDate "2014.07.01"]
[SourceQuality "1"]

1. f4 d5 2. Nf3 c6 3. b3 Nf6 4. e3 Bf5 5. Be2 h6 6. Bb2 Nbd7 7. c4 e6 8. 0-0 Be7 9. Nc3 0-0 10. a4 a5 11. d4 Bh7 12. Bd3 Bxd3 13. Qxd3 Qb6 14. Nd2 c5 15. Nb5 cxd4 16. exd4 Rfc8 17. Rac1 Bf8 18. Kh1 Qd8 19. f5 dxc4 20. Nxc4 Nc5 21. Qh3 Nce4 22. fxe6 Ng5 23. exf7+ Nxf7 24. Bc3 Rc6 25. Rce1 Nd5 26. Bd2 Bb4 27. Bxb4 Nxb4 28. Re2 Ng5 29. Qg4 Rf6 30. Ref2 Raa6 31. h4 Nf7 32. Nd2 Rg6 33. Qh5 Rgf6 34. Ne4 Rxf2 35. Rxf2 g6 36. Qg4 h5 37. Qf4 Qe7 38. Rf3 Kg7 39. Nc5 Rf6 40. Qxf6+ Qxf6 41. Rxf6 Kxf6 42. Nxb7 Nc6 43. d5 Nb4 44. Nxa5 Nxd5 45. Nc4 Nd8 46. a5 Nb4 47. Kh2 Kf5 48. Kg3 g5 49. Ncd6+ Kg6 50. hxg5 Kxg5 51. Ne4+ Kf5 52. Nc5 Ndc6 53. a6 Nd5 54. a7 Nxa7 55. Nxa7 Kg5 56. Nd3 h4+ 57. Kh2 1-0

[Event "CZE-chT2F 1314"]
[Site "Czech Republic"]
[Date "2014.03.23"]
[Round "10.37"]
[White "Luczyk, Petr"]
[Black "Rakus, Pavel"]
[Result "0-1"]
[WhiteElo "1931"]
[BlackElo "2177"]
[PlyCount "84"]
[EventDate "2013.11.03"]
[EventType "team-tourn"]
[EventRounds "11"]
[EventCountry "CZE"]
[SourceTitle "EXT 2016"]
[Source "ChessBase"]
[SourceDate "2015.10.08"]
[SourceVersion "1"]
[SourceVersionDate "2015.10.08"]
[SourceQuality "1"]
[WhiteTeam "Orlova Slavia II"]
[BlackTeam "Opava KVS"]
[WhiteTeamCountry "CZE"]
[BlackTeamCountry "CZE"]

1. e4 c5 2. Nc3 Nc6 3. f4 d6 4. Nf3 g6 5. Bb5 Bd7 6. Bxc6 Bxc6 7. d3 Bg7 8. 0-0 Nf6 9. Qe1 0-0 10. Qh4 e6 11. f5 Nd7 12. Bg5 f6 13. Bh6 exf5 14. exf5 g5 15. Qh3 Ne5 16. Nxe5 dxe5 17. Bxg7 Kxg7 18. Kh1 Qd4 19. Rae1 Rad8 20. a3 Rd6 21. Qe3 Rc8 22. Ne4 Bxe4 23. Qxe4 Rc7 24. b3 Qb2 25. Qe2 b5 26. Rf3 Qxa3 27. Rh3 Qb4 28. Rd1 Re7 29. Qh5 Kg8 30. Rg3 Qf4 31. Rf3 Qd4 32. h3 e4 33. Re1 Qc3 34. Rfe3 Rd4 35. Rxe4 Rdxe4 36. Rxe4 Rxe4 37. dxe4 Qe1+ 38. Kh2 Qxe4 39. Qd1 Qd4 40. Qxd4 cxd4 41. Kg3 d3 42. cxd3 a5 0-1

[Event "CZE-chT2F 1213"]
[Site "Czech Republic"]
[Date "2013.03.03"]
[Round "10.38"]
[White "Tomeckova, Aneta"]
[Black "Luczyk, Petr"]
[Result "0-1"]
[WhiteElo "1789"]
[BlackElo "1859"]
[PlyCount "158"]
[EventDate "2012.10.14"]
[EventType "team-tourn"]
[EventRounds "11"]
[EventCountry "CZE"]
[SourceTitle "EXT 2016"]
[Source "ChessBase"]
[SourceDate "2015.10.08"]
[SourceVersion "1"]
[SourceVersionDate "2015.10.08"]
[SourceQuality "1"]
[WhiteTeam "Postoupky"]
[BlackTeam "Orlova Slavia II"]
[WhiteTeamCountry "CZE"]
[BlackTeamCountry "CZE"]

1. e4 c5 2. Nf3 e6 3. d4 cxd4 4. Nxd4 a6 5. Nc3 Qc7 6. Be2 Nf6 7. 0-0 Nc6 8. Be3 b5 9. Nxc6 dxc6 10. f4 b4 11. e5 Nd5 12. Nxd5 cxd5 13. Kh1 Bc5 14. Bxc5 Qxc5 15. a3 Rb8 16. axb4 Rxb4 17. b3 Rb6 18. Bd3 g6 19. Qe1 Bb7 20. Ra5 Qc7 21. Qf2 0-0 22. Rc5 Rc6 23. Rxc6 Qxc6 24. Qd4 Ra8 25. Rf3 a5 26. h4 Ba6 27. Bxa6 Qxa6 28. Rg3 a4 29. bxa4 Qxa4 30. Qf2 Rc8 31. c3 Rxc3 32. Rxc3 Qa1+ 33. Kh2 Qxc3 34. Qb6 Qc8 35. Qd6 Qf8 36. Qd7 Qb8 37. Qe7 h6 38. Qf6 Qf8 39. Kg1 Qc5+ 40. Kh2 Qc2 41. Qd8+ Kh7 42. Qd7 Kg7 43. Qd8 Qf5 44. g3 g5 45. hxg5 hxg5 46. Qd6 gxf4 47. gxf4 Qxf4+ 48. Kg2 Qe4+ 49. Kf2 d4 50. Qc7 Qe3+ 51. Kf1 d3 52. Qd8 d2 53. Qf6+ Kg8 54. Qd8+ Kh7 55. Qh4+ Qh6 56. Qe4+ Qg6 57. Qh4+ Kg7 58. Ke2 d1Q+ 59. Kxd1 Qd3+ 60. Ke1 Qe3+ 61. Kf1 Qxe5 62. Qg4+ Kf6 63. Qh4+ Qg5 64. Qd4+ Kg6 65. Qd6 f6 66. Qd8 Qf4+ 67. Kg1 Kf5 68. Qd3+ Kg5 69. Qb5+ e5 70. Qe8 Qf5 71. Qg8+ Qg6 72. Qd5 Kf4+ 73. Kf1 Qf5 74. Qb3 e4 75. Qb8+ Kf3 76. Qb6 Qf4 77. Qb2 Ke3+ 78. Kg2 Qf3+ 79. Kg1 Qd1+ 0-1

[Event "Orlova op 9th"]
[Site "Orlova"]
[Date "2012.05.22"]
[Round "2.13"]
[White "Luczyk, Petr"]
[Black "Lys, Josef"]
[Result "1-0"]
[WhiteElo "1854"]
[BlackElo "2193"]
[PlyCount "163"]
[EventDate "2012.05.21"]
[EventType "swiss"]
[EventRounds "7"]
[EventCountry "CZE"]
[SourceTitle "CBM 148 Extra"]
[Source "ChessBase"]
[SourceDate "2012.06.22"]
[SourceVersion "1"]
[SourceVersionDate "2012.06.22"]
[SourceQuality "1"]

1. e4 e5 2. Nf3 Nc6 3. Bc4 Bc5 4. b4 Bxb4 5. c3 Bd6 6. d4 Nf6 7. Nbd2 0-0 8. 0-0 b6 9. Re1 Bb7 10. Nf1 Qe8 11. Bg5 Nh5 12. Qc1 Kh8 13. Bd3 f6 14. Bd2 Qg6 15. Nh4 Qg4 16. Nf5 Nf4 17. Bxf4 exf4 18. Be2 Qg6 19. Nxd6 cxd6 20. Qxf4 f5 21. Qg3 fxe4 22. Qxg6 hxg6 23. Bg4 Rf4 24. f3 d5 25. g3 Rf7 26. fxe4 dxe4 27. Rxe4 Raf8 28. d5 Ne7 29. c4 Nf5 30. Nd2 Nd6 31. Re3 Ba6 32. Be2 Rc8 33. Rc1 Bb7 34. Rf1 Rxf1+ 35. Bxf1 Nf5 36. Re4 b5 37. g4 Nd6 38. Rd4 a6 39. cxb5 axb5 40. Bd3 Rc1+ 41. Kf2 g5 42. Ne4 Nxe4+ 43. Rxe4 Kg8 44. Bxb5 Bxd5 45. Rd4 Rc2+ 46. Kg3 Rc3+ 47. Kf2 Bc6 48. Bxc6 dxc6 49. a4 Kf7 50. Rd7+ Kf6 51. a5 c5 52. a6 Ke5 53. Rd8 Ra3 54. Ra8 Kd4 55. a7 Kc4 56. Ke2 Ra6 57. Kd2 Rd6+ 58. Kc2 Rd7 59. Kc1 Kd4 60. Kd2 Kc4+ 61. Kc2 Rf7 62. Kb1 g6 63. Kb2 Rh7 64. Kb1 Rf7 65. Kb2 Rb7+ 66. Kc2 Rh7 67. Kb1 Rd7 68. Kc2 Kd4 69. Kd2 c4 70. Kc2 c3 71. h3 Kd5 72. Kxc3 Kd6 73. Kd4 Kc7+ 74. Ke5 Kb7 75. Rg8 Kxa7 76. Rxg6 Rh7 77. Rxg5 Rxh3 78. Kf6 Rg3 79. Rg8 Kb7 80. g5 Kc7 81. Re8 Kd7 82. Re5 1-0

[Event "Orlova op 8th"]
[Site "Orlova"]
[Date "2011.05.23"]
[Round "3"]
[White "Talla, Vladimir"]
[Black "Luczyk, Petr"]
[Result "1-0"]
[WhiteElo "2423"]
[BlackElo "1800"]
[PlyCount "75"]
[EventDate "2011.05.21"]
[EventType "swiss"]
[EventRounds "9"]
[EventCountry "CZE"]
[SourceTitle "CBM 142 Extra"]
[Source "ChessBase"]
[SourceDate "2011.06.27"]
[SourceVersion "1"]
[SourceVersionDate "2011.06.27"]
[SourceQuality "1"]

1. e4 c5 2. Nf3 e6 3. d4 cxd4 4. Nxd4 a6 5. Nc3 Qc7 6. Bd3 Nf6 7. f4 d6 8. Qf3 e5 9. Nf5 Bxf5 10. exf5 Nc6 11. g4 Nd4 12. Qg2 Qc6 13. Qxc6+ bxc6 14. h3 Nb5 15. fxe5 dxe5 16. Ne4 Nd6 17. Nxf6+ gxf6 18. Be3 Be7 19. 0-0-0 a5 20. Be2 0-0 21. Rd3 Ne4 22. Bf3 Ng3 23. Rg1 e4 24. Rd2 exf3 25. Rxg3 Rfe8 26. Rxf3 Rad8 27. Rxd8 Bxd8 28. Bh6 Bc7 29. Rc3 Rc8 30. Rd3 Be5 31. c4 Rb8 32. b3 c5 33. Rd5 Bd4 34. Kd2 Re8 35. Rd7 Bf2 36. Kd3 Bd4 37. Ra7 Rd8 38. Kc2 1-0

[Event "Orlova op 7th"]
[Site "Orlova"]
[Date "2010.05.23"]
[Round "3"]
[White "Luczyk, Petr"]
[Black "Havelka, Ondrej"]
[Result "1/2-1/2"]
[WhiteElo "1798"]
[BlackElo "1586"]
[PlyCount "76"]
[EventDate "2010.05.22"]
[EventType "swiss"]
[EventRounds "7"]
[EventCountry "CZE"]
[SourceTitle "EXT 2012"]
[Source "ChessBase"]
[SourceDate "2011.11.24"]
[SourceVersion "1"]
[SourceVersionDate "2011.11.24"]
[SourceQuality "1"]

1. e4 e5 2. Nf3 Nf6 3. Nxe5 d6 4. Nf3 Nxe4 5. d4 d5 6. Bd3 Bf5 7. 0-0 Be7 8. Re1 0-0 9. c4 c6 10. Nc3 Bb4 11. Qc2 Re8 12. Bd2 Bxc3 13. bxc3 Na6 14. Rab1 b6 15. cxd5 Nxd2 16. Nxd2 Bxd3 17. Qxd3 Nb8 18. dxc6 Nxc6 19. Re3 Qd7 20. Nf3 Rad8 21. Ng5 g6 22. Ne4 Re6 23. f4 Qd5 24. Rbe1 Qxa2 25. f5 gxf5 26. Ng3 f4 27. Rxe6 fxe6 28. Nh5 Ne7 29. Nxf4 Rd6 30. Qg3+ Kf7 31. Nh5 Nf5 32. Rf1 Ke7 33. Qg5+ Kd7 34. Nf6+ Kc6 35. d5+ Rxd5 36. Nxd5 Qxd5 37. Qf6 Ne3 38. Qg7 Nxf1 1/2-1/2

[Event "Orlova op 6th"]
[Site "Orlova"]
[Date "2009.05.28"]
[Round "7"]
[White "Zimniok, Lubomir"]
[Black "Luczyk, Petr"]
[Result "1-0"]
[WhiteElo "2091"]
[BlackElo "1782"]
[PlyCount "52"]
[EventDate "2009.05.23"]
[EventType "swiss"]
[EventRounds "9"]
[EventCountry "CZE"]
[SourceTitle "EXT 2012"]
[Source "ChessBase"]
[SourceDate "2011.11.24"]
[SourceVersion "1"]
[SourceVersionDate "2011.11.24"]
[SourceQuality "1"]

1. e4 c5 2. b4 cxb4 3. d4 d5 4. exd5 Qxd5 5. c4 bxc3 6. Nxc3 Qa5 7. Bd2 e6 8. Nf3 Bb4 9. Qb3 Ne7 10. Bd3 Nbc6 11. 0-0 a6 12. a3 Bxc3 13. Bxc3 Qh5 14. Rfe1 0-0 15. Ne5 b5 16. Re3 Nxe5 17. Rxe5 Nf5 18. Be4 Rb8 19. Re1 Kh8 20. Qb4 Bd7 21. Bxf5 exf5 22. Qd6 Be6 23. d5 Rfd8 24. Qc5 Rbc8 25. Qd4 Rc4 26. Rxe6 Qh3 1-0

[Event "CZE-ch U16"]
[Site "Kouty nad Desnou"]
[Date "2009.03.08"]
[Round "2"]
[White "Luczyk, Petr"]
[Black "Hosek, Martin"]
[Result "1-0"]
[WhiteElo "1767"]
[BlackElo "1881"]
[PlyCount "53"]
[EventDate "2009.03.07"]
[EventType "swiss"]
[EventRounds "9"]
[EventCountry "CZE"]
[SourceTitle "EXT 2011"]
[Source "ChessBase"]
[SourceDate "2010.11.26"]
[SourceVersion "1"]
[SourceVersionDate "2010.11.26"]
[SourceQuality "1"]

1. e4 c5 2. Nc3 Nc6 3. f4 e6 4. Nf3 g6 5. Bb5 Bg7 6. 0-0 Nge7 7. Bxc6 Nxc6 8. f5 0-0 9. fxg6 fxg6 10. d3 d5 11. Bg5 Qd6 12. Qe1 b5 13. e5 Nxe5 14. Nxb5 Qb8 15. Nxe5 Bxe5 16. Rxf8+ Kxf8 17. Qf2+ Kg8 18. Rf1 Ba6 19. Qf7+ Kh8 20. Bf6+ Bxf6 21. Qxf6+ Kg8 22. Qf7+ Kh8 23. Nc7 Qc8 24. Nxa8 Qxa8 25. Qf6+ Kg8 26. Qxe6+ Kh8 27. Qxa6 1-0

[Event "CZE-ch U16"]
[Site "Kouty nad Desnou"]
[Date "2009.03.07"]
[Round "1"]
[White "Nguyen, Dinh Phong"]
[Black "Luczyk, Petr"]
[Result "1-0"]
[WhiteElo "2040"]
[BlackElo "1767"]
[PlyCount "59"]
[EventDate "2009.03.07"]
[EventType "swiss"]
[EventRounds "9"]
[EventCountry "CZE"]
[SourceTitle "EXT 2011"]
[Source "ChessBase"]
[SourceDate "2010.11.26"]
[SourceVersion "1"]
[SourceVersionDate "2010.11.26"]
[SourceQuality "1"]

1. e4 c5 2. Nf3 e6 3. d4 cxd4 4. Nxd4 a6 5. Nc3 Qc7 6. Bd3 Nf6 7. 0-0 Nc6 8. Nxc6 bxc6 9. Qe2 Bb4 10. e5 Nd5 11. Nxd5 cxd5 12. Qg4 Bf8 13. Bf4 g6 14. Rac1 Bg7 15. c4 d4 16. Rfe1 Rb8 17. b3 Qc5 18. Bd2 a5 19. Qg3 0-0 20. h4 d6 21. exd6 e5 22. f4 f6 23. fxe5 fxe5 24. h5 Qxd6 25. hxg6 hxg6 26. c5 Qf6 27. Rf1 Bf5 28. Bc4+ Rf7 29. Qg5 Kf8 30. Bxf7 1-0

[Event "Morava-ch U16"]
[Site "Havirov"]
[Date "2008.10.27"]
[Round "6"]
[White "Luczyk, Petr"]
[Black "Jana, Martin"]
[Result "1-0"]
[WhiteElo "1708"]
[BlackElo "1760"]
[PlyCount "113"]
[EventDate "2008.10.25"]
[EventType "swiss"]
[EventRounds "9"]
[EventCountry "CZE"]
[SourceTitle "EXT 2009"]
[Source "ChessBase"]
[SourceDate "2008.11.26"]
[SourceVersion "1"]
[SourceVersionDate "2008.11.26"]
[SourceQuality "1"]

1. e4 d5 2. exd5 Qxd5 3. Nc3 Qa5 4. d4 c6 5. Nf3 Bf5 6. Bc4 e6 7. Qe2 Nf6 8. Bd2 Qc7 9. 0-0-0 Bd6 10. Rhe1 0-0 11. Ne5 Nbd7 12. g4 Bxe5 13. gxf5 Bxd4 14. fxe6 fxe6 15. Bxe6+ Kh8 16. Bxd7 Nxd7 17. Ne4 Rae8 18. Qg4 Nf6 19. Nxf6 Bxf6 20. Be3 Qe5 21. c3 b6 22. Qg3 Qxg3 23. hxg3 Rd8 24. Kc2 Kg8 25. a4 c5 26. a5 Kf7 27. Ra1 Rfe8 28. axb6 axb6 29. Ra7+ Re7 30. Rd1 Rdd7 31. Rdxd7 Rxd7 32. Ra6 Rb7 33. Kb3 Be7 34. Ra8 b5 35. Rc8 c4+ 36. Kc2 h6 37. Bc5 Bf6 38. Be3 Ke6 39. Re8+ Kf5 40. Rf8 Kg6 41. g4 h5 42. gxh5+ Kxh5 43. Re8 Kg4 44. Re4+ Kf5 45. Rf4+ Ke5 46. Rg4 Kd5 47. Bd4 b4 48. Bxf6 b3+ 49. Kd2 gxf6 50. Rd4+ Kc5 51. Rf4 Rb6 52. Rf5+ Kc6 53. Rxf6+ Kc5 54. Rxb6 Kxb6 55. Ke3 Kc5 56. Ke4 Kd6 57. Kd4 1-0

[Event "Morava-ch U16"]
[Site "Havirov"]
[Date "2008.10.27"]
[Round "5"]
[White "Seidl, Antonin"]
[Black "Luczyk, Petr"]
[Result "1/2-1/2"]
[WhiteElo "1956"]
[BlackElo "1708"]
[PlyCount "45"]
[EventDate "2008.10.25"]
[EventType "swiss"]
[EventRounds "9"]
[EventCountry "CZE"]
[SourceTitle "EXT 2009"]
[Source "ChessBase"]
[SourceDate "2008.11.26"]
[SourceVersion "1"]
[SourceVersionDate "2008.11.26"]
[SourceQuality "1"]

1. e4 c5 2. Nc3 e6 3. f4 Nc6 4. Nf3 d5 5. Bb5 Nge7 6. d3 d4 7. Ne2 Qa5+ 8. Bd2 Qxb5 9. 0-0 g6 10. Ng3 Bg7 11. Ng5 h6 12. f5 hxg5 13. f6 Bh6 14. a4 Qb6 15. fxe7 Nxe7 16. Qf3 0-0 17. Qf6 Nf5 18. exf5 exf5 19. Qxb6 axb6 20. a5 b5 21. b4 c4 22. Rfe1 Be6 23. Re5 1/2-1/2

[Event "Morava-ch U16"]
[Site "Havirov"]
[Date "2008.10.25"]
[Round "1"]
[White "Mrazek, Lumir"]
[Black "Luczyk, Petr"]
[Result "1-0"]
[WhiteElo "2014"]
[BlackElo "1708"]
[PlyCount "71"]
[EventDate "2008.10.25"]
[EventType "swiss"]
[EventRounds "9"]
[EventCountry "CZE"]
[SourceTitle "EXT 2009"]
[Source "ChessBase"]
[SourceDate "2008.11.26"]
[SourceVersion "1"]
[SourceVersionDate "2008.11.26"]
[SourceQuality "1"]

1. e4 c5 2. Nc3 e6 3. f4 Nc6 4. Nf3 d5 5. Bb5 a6 6. Bxc6+ bxc6 7. e5 Ne7 8. d3 Nf5 9. 0-0 Be7 10. Kh1 h5 11. g3 Bb7 12. b3 Qc7 13. Qe1 0-0-0 14. Bd2 Rdg8 15. Na4 Kb8 16. Ba5 Qc8 17. c4 Nd4 18. Nxd4 cxd4 19. c5 Bd8 20. Nb6 Bxb6 21. Bxb6 Qd7 22. Qf2 Qe7 23. a4 Rh7 24. b4 g5 25. b5 gxf4 26. gxf4 Rhg7 27. bxc6 Rg2 28. c7+ Kc8 29. Rg1 Rxf2 30. Rxg8+ Kd7 31. Rd8+ Kc6 32. Rd6+ Qxd6 33. exd6 Bc8 34. Rg1 Rc2 35. Rg8 Kb7 36. Rd8 1-0

[Event "Orlova op 5th"]
[Site "Orlova"]
[Date "2008.05.21"]
[Round "5"]
[White "Bembenek, Osvald"]
[Black "Luczyk, Petr"]
[Result "1-0"]
[WhiteElo "1720"]
[BlackElo "1803"]
[PlyCount "101"]
[EventDate "2008.05.17"]
[EventType "swiss"]
[EventRounds "9"]
[EventCountry "CZE"]
[SourceTitle "EXT 2012"]
[Source "ChessBase"]
[SourceDate "2011.11.24"]
[SourceVersion "1"]
[SourceVersionDate "2011.11.24"]
[SourceQuality "1"]

1. e4 e5 2. Nf3 Nc6 3. Bb5 a6 4. Ba4 Nf6 5. Qe2 b5 6. Bb3 Bc5 7. 0-0 d6 8. c3 0-0 9. h3 Bb7 10. d3 Qe7 11. Re1 Kh8 12. Nbd2 Nd7 13. Nf1 Bb6 14. Ng3 Nc5 15. Bc2 b4 16. Nf5 Qd7 17. d4 exd4 18. cxd4 Ne6 19. d5 Ned4 20. N3xd4 Nxd4 21. Nxd4 Bxd4 22. Qd3 Bc5 23. e5 g6 24. Bg5 dxe5 25. Bf6+ Kg8 26. Rad1 Bd6 27. Qd2 Rfe8 28. Re4 Qf5 29. Bh4 Qh5 30. Bf6 Qf5 31. Bh4 Qd7 32. Bf6 Qb5 33. Rh4 Be7 34. Bxe7 Rxe7 35. Rxb4 Qc5 36. Rxb7 Rd7 37. Bb3 Rad8 38. Rc1 Qe7 39. Qb4 Qf6 40. Rb8 e4 41. Rxd8+ Rxd8 42. Qc3 Qg5 43. Qe3 Qe5 44. Rc2 Rb8 45. Qc3 Qg5 46. Qxc7 Re8 47. Qg3 Qf5 48. Qe3 g5 49. Rd2 h5 50. d6 Rc8 51. Rd5 1-0

[Event "Orlova op 4th"]
[Site "Orlova"]
[Date "2007.05.24"]
[Round "6"]
[White "Luczyk, Petr"]
[Black "Ondika, Roman"]
[Result "1/2-1/2"]
[WhiteElo "1742"]
[BlackElo "1946"]
[PlyCount "58"]
[EventDate "2007.05.19"]
[EventType "swiss"]
[EventRounds "9"]
[EventCountry "CZE"]
[SourceTitle "EXT 2012"]
[Source "ChessBase"]
[SourceDate "2011.11.24"]
[SourceVersion "1"]
[SourceVersionDate "2011.11.24"]
[SourceQuality "1"]

1. e4 d5 2. exd5 Nf6 3. d4 Nxd5 4. c4 Nf6 5. Nc3 e6 6. Nf3 Be7 7. Be3 0-0 8. g3 b6 9. Bg2 Bb7 10. 0-0 Nbd7 11. a3 c5 12. d5 exd5 13. cxd5 Bd6 14. Nh4 Re8 15. Qd2 Ne5 16. b3 Qd7 17. h3 c4 18. f4 Nd3 19. bxc4 Nc5 20. Bxc5 Bxc5+ 21. Kh2 Ba6 22. Nf3 Bd6 23. Qa2 Re3 24. Rfc1 Rae8 25. Nd4 Nh5 26. Bf3 Nf6 27. Bd1 Ne4 28. Bg4 Nxc3 29. Rxc3 Qc7 1/2-1/2